000 00415nam a2200133Ia 4500
008 211109s9999||||xx |||||||||||||| ||und||
082 _a894.81209
_bMAT-V
100 _aMattom, C Kurian Kathanar
245 0 _aVimarsana Viharam
260 _bCity Press
_aThiruvananthapuram
_c1928
630 _xGeneral Stack
650 _aLiteratures of other languages
_vMalayalam LiteratureMalayalam Poetry
_xMalayalam
942 _cBOOK
999 _c5084
_d5084